| 000 | 005070000a22001810004500 | ||
|---|---|---|---|
| 003 | MACL | ||
| 005 | 20151021115254.0 | ||
| 008 | 151021b xxu||||| |||| 00| 0 eng d | ||
| 040 |
_aMACL _cMACL |
||
| 041 | _aEnglish | ||
| 082 | _a954/SHA | ||
| 100 |
_aShaikh, Farzana _916141 |
||
| 245 |
_aCommunity And Consensus In Islam _bMuslim Representation In Colonical India, 1860 1̜947 |
||
| 260 |
_bCambridge University Press _c1991 _aBombay |
||
| 350 | _a225 | ||
| 650 |
_aHistory _916142 |
||
| 942 |
_cBK _k954 _2ddc |
||
| 999 |
_c3876 _d3876 |
||